000 00686nam a2200289Ia 4500
005 20260324135120.0
008 008 260324s9999 xx 000 0 eng d
020 _a9781315194974
037 _aEBOOK
040 _aCRL
040 _beng
040 _cCRL
041 _2eng
041 _aeng
084 _qCRL
100 _aAnne Marie Greene
_91199395
245 0 _aVoices from the Shop Floor
245 0 _bDramas of the Employment Relationship
260 _bTaylor and Francis
260 _c2001
365 _a
365 _b170
856 _uhttp://www.taylorfrancis.com/books/9781315194974
942 _cEBOOK
999 _c1800139
_d1800139